000 00291nam a22001337a 4500
008 171127b xxu||||| |||| 00| 0 eng d
020 _a9780131126008
041 _aeng
080 _24TH
_a37
100 _a46
101 _aEDU
245 _aEXCEPTIONAL LIVES
_cTURNBULL,R
942 _2udc
_cBK
999 _c38538
_d38538